000 00297nam a22001097a 4500
008 160623b xxu||||| |||| 00| 0 eng d
100 _9627
_aWetson , T, F, et, al
245 _aMaking Sure Of Maths
260 _aEdinburgh Folmes Mc Dougall
_c1970
300 _aMaking Sure Of Maths
942 _2ddc
_cBK
999 _c512
_d512